Statistics for Premature Super Smash Bros. Characters

Click here to take the quiz!

General Stats

  • This quiz has been taken 65 times
    (11 since last reset)
  • The average score is 8 of 12

Answer Stats

PreviouslyGameFighter% Correct
Final SmashWiiU/3DSChrom
100%
Pokeball64Charizard
89%
Assist TrophyBrawlLittle Mac
89%
BossBrawlRidley
89%
Stage Character64King Dedede
78%
Stage CharacterMeleeSquirtle
67%
Stage Character64Piranha Plant
56%
CutsceneMeleeWolf
56%
Assist TrophyWiiU/3DSDark Samus
44%
Assist TrophyWiiU/3DSIsabelle
44%
CutsceneBrawlPalutena
44%
Stage CharacterBrawlVillager
33%

Score Distribution

Percentile by Number Answered

Percent of People with Each Score

Your Score History

You have not taken this quiz since the last reset